Topografía subterránea / (Record no. 128797)

MARC details
000 -LEADER
campo de control de longitud fija 00663nam a2200205 i 4500
001 - NÚMERO DE CONTROL
campo de control 128797
003 - IDENTIFICADOR DE NÚMERO DE CONTROL
campo de control ES-MaACL
005 - FECHA Y HORA DE LA ÚLTIMA TRANSACCIÓN
campo de control 20230906193349.0
007 - CAMPO FIJO DE DESCRIPCIÓN FÍSICA--INFORMACIÓN GENERAL
campo de control de longitud fija t|
008 - DATOS DE LONGITUD FIJA--INFORMACIÓN GENERAL
campo de control de longitud fija 070525s1972 sp ||||1| spa d
080 ## - NÚMERO DE LA CLASIFICACIÓN DECIMAL UNIVERSAL
Número de la Clasificación Decimal Universal 528(02)
100 1# - ENTRADA PRINCIPAL--NOMBRE DE PERSONA
Nombre de persona Taton, Robert.
9 (RLIN) 109395
245 10 - MENCIÓN DEL TÍTULO
Título Topografía subterránea /
Mención de responsabilidad, etc. Robert Taton ; [traducción de Valero Guillén Parro, Mª Mercedes Garrido Bueso].
260 ## - PUBLICACIÓN, DISTRIBUCIÓN, ETC.
Lugar de publicación, distribución, etc. Madrid :
Nombre del editor, distribuidor, etc. Paraninfo,
Fecha de publicación, distribución, etc. 1972.
300 ## - DESCRIPCIÓN FÍSICA
Extensión 186 p. :
Otras características físicas il. ;
Dimensiones 22 cm.
650 #4 - PUNTO DE ACCESO ADICIONAL DE MATERIA--TÉRMINO DE MATERIA
Término de materia o nombre geográfico como elemento de entrada Topografía minera.
9 (RLIN) 162215
700 1# - ENTRADA AGREGADA--NOMBRE PERSONAL
Nombre de persona Guillén Parro, Valero.
9 (RLIN) 60789
700 1# - ENTRADA AGREGADA--NOMBRE PERSONAL
Nombre de persona Garrido Bueso, María Mercedes.
9 (RLIN) 55689
852 ## - LOCALIZACIÓN
Ubicación ES-MaACL
Número de control de estantería C-41121
Sublocalización o colección R.80267
Holdings
Estatus retirado Estado de pérdida Estado de daño No para préstamo Biblioteca de origen Biblioteca actual Ubicación en estantería Fecha de adquisición Fuente de adquisición Total de préstamos Signatura topográfica completa Código de barras Visto por última vez Precio de reemplazo Tipo de ítem Koha
        Biblioteca del Ateneo de Madrid Biblioteca del Ateneo de Madrid Depósito 2 17/01/2008     C-41121 1134131 23/02/2023 23/02/2023 Libro impreso